书目信息 |
| 题名: |
景观设计原理
|
|
| 作者: | 尹赛 , 邰杰 , 赵玉凤 编著 | |
| 分册: | ||
| 出版信息: | 北京 中国建筑工业出版社 2018.06 |
|
| 页数: | 10, 284页 | |
| 开本: | 26cm | |
| 丛书名: | ||
| 单 册: | ||
| 中图分类: | TU983 | |
| 科图分类: | ||
| 主题词: | 景观设计--jing guan she ji--高等学校--教材 | |
| 电子资源: | ||
| ISBN: | 978-7-112-22021-2 | |
| 000 | 01163nam0 2200289 450 | |
| 001 | 0100001219 | |
| 005 | 20190311111508.31 | |
| 010 | @a978-7-112-22021-2@dCNY48.00 | |
| 100 | @a20180605d2018 em y0chiy50 ea | |
| 101 | 0 | @achi |
| 102 | @aCN@b110000 | |
| 105 | @aak a 000yy | |
| 200 | 1 | @a景观设计原理@Ajing guan she ji yuan li@f尹赛, 邰杰, 赵玉凤编著 |
| 210 | @a北京@c中国建筑工业出版社@d2018.06 | |
| 215 | @a10, 284页@c图@d26cm | |
| 312 | @a英文题名取自封面 | |
| 320 | @a有书目 (第282-284页) | |
| 330 | @a本书以解决景观如何直接为人类提供合适的户外空间环境的问题为主要方向。内容包含景观设计概述、中西方景观的源起和现代景观的产生、景观要素的构成设计、景观的空间与组织、景观中的人类行为与社会等几个方面进行详尽的叙述, 从而为景观设计专业的学生和相关爱好者提供更有效的学习方法和实施措施。 | |
| 333 | @a全国高等院校艺术设计专业课程实验教材 | |
| 510 | 1 | @aPrinciple of landscape design@zeng |
| 606 | 0 | @a景观设计@Ajing guan she ji@x高等学校@j教材 |
| 690 | @aTU983@v5 | |
| 701 | 0 | @a尹赛@Ayin sai@4编著 |
| 701 | 0 | @a邰杰@Atai jie@4编著 |
| 701 | 0 | @a赵玉凤@Azhao yu feng@4编著 |
| 801 | 0 | @aCN@c20180901 |
| 905 | @a河南城建学院图书馆@dTU983@eY600 | |
| 景观设计原理/尹赛, 邰杰, 赵玉凤编著.-北京:中国建筑工业出版社,2018.06 |
| 10, 284页:图;26cm |
| 使用对象:全国高等院校艺术设计专业课程实验教材 |
| ISBN 978-7-112-22021-2:CNY48.00 |
| 本书以解决景观如何直接为人类提供合适的户外空间环境的问题为主要方向。内容包含景观设计概述、中西方景观的源起和现代景观的产生、景观要素的构成设计、景观的空间与组织、景观中的人类行为与社会等几个方面进行详尽的叙述, 从而为景观设计专业的学生和相关爱好者提供更有效的学习方法和实施措施。 |
| ● |
| 相关链接 |
|
|
|
正题名:景观设计原理
索取号:TU983/Y600
 
预约/预借
| 序号 | 登录号 | 条形码 | 馆藏地/架位号 | 状态 | 备注 |
| 1 | 1244194 | 212441945 | 建筑库201/201建筑库 89排1列2层/ [索取号:TU983/Y600] | 在馆 | |
| 2 | 1380380 | 213803801 | 建筑库201/201建筑库 89排1列2层/ [索取号:TU983/Y600] | 在馆 | |
| 3 | 1380381 | 213803810 | 建筑库201/201建筑库 89排1列2层/ [索取号:TU983/Y600] | 在馆 |